<?xml version="1.0" encoding="UTF-8"?>
<record
    xmlns:xsi="http://www.w3.org/2001/XMLSchema-instance"
    xsi:schemaLocation="http://www.loc.gov/MARC21/slim http://www.loc.gov/standards/marcxml/schema/MARC21slim.xsd"
    xmlns="http://www.loc.gov/MARC21/slim">

  <leader>01140    a2200217   4500</leader>
  <controlfield tag="005">20080828110225.0</controlfield>
  <controlfield tag="008">080828t        xxu||||| |||| 00| 0 hin d</controlfield>
  <datafield tag="010" ind1=" " ind2=" ">
    <subfield code="a">HIN-82560</subfield>
  </datafield>
  <datafield tag="020" ind1=" " ind2=" ">
    <subfield code="a">818597800</subfield>
    <subfield code="c">125.00</subfield>
  </datafield>
  <datafield tag="035" ind1=" " ind2=" ">
    <subfield code="a">HN-54906</subfield>
  </datafield>
  <datafield tag="037" ind1=" " ind2=" ">
    <subfield code="b">&#x92A;&#x941;.&#x92A;&#x94D;&#x930;.&#x905;.&#x92A;&#x94D;&#x930;/&#x92A;&#x94D;&#x930;&#x915;&#x93E;</subfield>
  </datafield>
  <datafield tag="082" ind1=" " ind2=" ">
    <subfield code="a">363.7</subfield>
  </datafield>
  <datafield tag="100" ind1=" " ind2=" ">
    <subfield code="a">&#x924;&#x94D;&#x930;&#x93F;&#x92A;&#x93E;&#x920;&#x940;, &#x913;&#x92E; &#x92A;&#x94D;&#x930;&#x915;&#x93E;&#x936;</subfield>
  </datafield>
  <datafield tag="245" ind1=" " ind2=" ">
    <subfield code="a">&#x92A;&#x930;&#x94D;&#x92F;&#x93E;&#x935;&#x930;&#x923;&#x940;&#x92F; &#x91C;&#x940;&#x935;&#x928; /</subfield>
    <subfield code="c">&#x913;&#x92E; &#x92A;&#x94D;&#x930;&#x915;&#x93E;&#x936; &#x924;&#x94D;&#x930;&#x93F;&#x92A;&#x93E;&#x91F;&#x940;</subfield>
  </datafield>
  <datafield tag="246" ind1=" " ind2=" ">
    <subfield code="a">Paryavaraneeya Jeewan</subfield>
    <subfield code="b">by Om Prakash Tripathi</subfield>
  </datafield>
  <datafield tag="260" ind1=" " ind2=" ">
    <subfield code="a">&#x938;&#x94B;&#x928;&#x92D;&#x926;&#x94D;&#x930;</subfield>
    <subfield code="b">&#x932;&#x94B;&#x915;&#x930;&#x942;&#x91A;&#x93F; &#x92A;&#x94D;&#x930;&#x915;&#x93E;&#x936;&#x928;</subfield>
    <subfield code="c">2007</subfield>
  </datafield>
  <datafield tag="270" ind1=" " ind2=" ">
    <subfield code="a">&#x930;&#x93E;&#x92C;&#x930;&#x94D;&#x91F;&#x938;&#x917;&#x902;&#x91C;,</subfield>
    <subfield code="b">&#x938;&#x94B;&#x928;&#x92D;&#x926;&#x94D;&#x930;</subfield>
    <subfield code="e">231216</subfield>
    <subfield code="c">(&#x909;.&#x92A;&#x94D;&#x930;.)</subfield>
  </datafield>
  <datafield tag="300" ind1=" " ind2=" ">
    <subfield code="a">128&#x92A;&#x943;</subfield>
    <subfield code="c">22 &#x938;&#x947;&#x92E;&#x940; (&#x905;&#x91C;&#x93F;&#x932;&#x94D;&#x926;)</subfield>
    <subfield code="b">&#x938;&#x91A;&#x93F;&#x924;&#x94D;&#x930;</subfield>
  </datafield>
  <datafield tag="942" ind1=" " ind2=" ">
    <subfield code="a">dpl</subfield>
    <subfield code="c">HN</subfield>
    <subfield code="k">363.7 / &#x924;&#x94D;&#x930;&#x93F;&#x92A;&#x93E;&#x920;&#x940;</subfield>
    <subfield code="2">ddc</subfield>
    <subfield code="h">363.7 </subfield>
    <subfield code="m">&#x924;&#x94D;&#x930;&#x93F;&#x92A;&#x93E;&#x920;&#x940;</subfield>
  </datafield>
  <datafield tag="999" ind1=" " ind2=" ">
    <subfield code="c">10628</subfield>
    <subfield code="d">10628</subfield>
  </datafield>
  <datafield tag="952" ind1=" " ind2=" ">
    <subfield code="0">0</subfield>
    <subfield code="1">0</subfield>
    <subfield code="4">0</subfield>
    <subfield code="7">0</subfield>
    <subfield code="a">DBAD</subfield>
    <subfield code="b">DBAD</subfield>
    <subfield code="d">0000-00-00</subfield>
    <subfield code="g">125.00</subfield>
    <subfield code="l">0</subfield>
    <subfield code="o">363.7  &#x924;&#x94D;&#x930;&#x93F;&#x92A;&#x93E;&#x920;&#x940;</subfield>
    <subfield code="p">HN-54906</subfield>
    <subfield code="r">2008-09-15 00:00:00</subfield>
    <subfield code="t">1</subfield>
    <subfield code="u">11705</subfield>
    <subfield code="v">125.00</subfield>
    <subfield code="w">2008-09-15</subfield>
    <subfield code="y">HN</subfield>
  </datafield>
</record>
